Statistics for First Names of Composers (Extended version)

Click here to take the quiz!

General Stats

  • This quiz has been taken 2,476 times
    (2,293 since last reset)
  • The average score is 35 of 72

Answer Stats

HintAnswer% Correct
Sebastian BachJohann
98%
van BeethovenLudwig
97%
MozartWolfgang
97%
DebussyClaude
85%
WebernAnton
84%
ChopinFrédéric
84%
SchubertFranz
82%
TchaikovskyPyotr
81%
HaydnJoseph
77%
Schumann (m)Robert
77%
ElgarEdward
75%
HandelGeorge
75%
VivaldiAntonio
73%
StravinskyIgor
73%
SibeliusJean
73%
BartókBéla
72%
MendelssohnFelix
71%
BernsteinLeonard
71%
RavelMaurice
70%
BrahmsJohannes
69%
Saint-SaënsCamille
68%
GriegEdvard
66%
AdamsJohn
64%
Schumann (f)Clara
63%
HolstGustav
62%
DvorakAntonin
61%
Strauss (eg. Ein Heldenleben)Richard
61%
SatieErik
60%
PurcellHenry
60%
CoplandAaron
58%
GlassPhilip
58%
ProkofievSergei
55%
ShostakovichDmitri
54%
VerdiGiuseppe
54%
FauréGabriel
48%
Vaughan WilliamsRalph
47%
PaganiniNiccolo
45%
IvesCharles
43%
HindemithPaul
43%
PucciniGiacomo
40%
TallisThomas
40%
ByrdWilliam
40%
MonteverdiClaudio
38%
SchoenbergArnold
37%
KhachaturianAram
36%
BoulezPierre
34%
SmetanaBedrich
31%
BergAlban
30%
PoulencFrancis
29%
BerlinIrving
29%
AlbénizIsaac
29%
ScriabinAlexander
28%
ReichSteve
27%
MessiaenOlivier
26%
LullyJean-Baptiste
23%
CorelliArcangelo
21%
JanácekLeos
21%
RespighiOttorino
21%
PalestrinaGiovanni
20%
GlinkaMikhail
19%
LigetiGyörgy
18%
WolfHugo
18%
SchnittkeAlfred
17%
MartinFrank
17%
RameauJean-Philippe
17%
StockhausenKarlheinz
17%
BuxtehudeDieterich
16%
SchützHeinrich
16%
GesualdoCarlo
13%
de MachautGuillaume
13%
GibbonsOrlando
13%
QuilterRoger
11%

Score Distribution

Percentile by Number Answered

Percent of People with Each Score

Your Score History

You have not taken this quiz since the last reset